Spotify Top Tracks of 2024 Global - Statistics

General Stats
  • This quiz has been taken 44 times
  • The average score is 18 of 50
Answer Stats
# Artist Track % Correct
1 Sabrina Carpenter Espresso
97%
3 Billie Eilish BIRDS OF A FEATHER
70%
20 Kendrick Lamar Not Like Us
68%
10 Lady Gaga, Bruno Mars Die With A Smile
65%
2 Benson Boone Beautiful Things
62%
13 Sabrina Carpenter Please Please Please
57%
50 Tyla Water
57%
40 Miley Cyrus Flowers
51%
14 Chapell Roan Good Luck, Babe!
51%
29 Taylor Swift, Post Malone Fortnight
49%
26 The Neighbourhood Sweater Weather
49%
7 Hozier Too Sweet
46%
12 Ariana Grande we can't be friends (wait for your love)
46%
31 Harry Styles As It Was
43%
37 SZA Kill Bill
43%
5 Teddy Swims Lose Control
43%
18 Shaboozey A Bar Song (Tipsy)
41%
39 Tom Odell Another Love
41%
27 Travis Scott, Playboi Carti FE!N
41%
6 Djo End of Beginning
38%
15 Tate McRae greedy
38%
16 Tommy Richman MILLION DOLLAR BABY
38%
36 Tyler, the Creator, Kali Uchis See You Again
38%
38 Coldplay Yellow
38%
9 Taylor Swift Cruel Summer
35%
25 Post Malone, Morgan Wallen I Had Some Help
35%
47 Vance Joy Riptide
35%
33 The Weeknd, Daft Punk Starboy
35%
46 Billie Eilish LUNCH
32%
28 Jung Kook, Latto Seven
32%
48 The Weeknd Blinding Lights
30%
23 Noah Kahan Stick Season
30%
24 Lord Huron The Night We Met
30%
42 Natasha Bedingfield Unwritten
30%
41 ¥$, Kanye West, Ty Dolla $ign CARNIVAL
27%
4 FloyyMenor, Cris Mj Gata Only
27%
11 Artemas i like the way you kiss me
27%
45 SZA Saturn
27%
22 Arctic Monkeys I Wanna Be Yours
24%
35 Dasha Austin (Boots Stop Workin')
22%
17 Jimin Who
22%
8 The Weeknd, JENNIE, Lily-Rose Depp One Of The Girls
19%
43 Zach Bryan, Kacey Musgraves I Remember Everything
14%
19 Feid, ATL Jacob LUNA
14%
21 Mitski My Love Mine All Mine
14%
30 KAROL G Si Antes Te Hubiera Conocido
11%
34 Jung Kook Standing Next to You
11%
49 Bad Bunny, Feid PERRO NEGRO
5%
44 KAROL G, Peso Pluma QLONA
5%
32 Xavi La Diabla
3%
No matching quizzes found
Score Distribution
Percent of People with Each Score
Percentile by Number Answered
Your Score History
You have not taken this quiz